| 000 | 00668nam a2200241 a 4500 | ||
|---|---|---|---|
| 001 | nice12345678 | ||
| 003 | IN_TiNIC | ||
| 005 | 20260116014548.0 | ||
| 008 | 050524s1999 lona grp 000 0 eng | ||
| 020 |
_a0197491 _c450 |
||
| 082 | 0 | 0 |
_a891.43909 _bRUS |
| 100 | _aRussell, Ralph | ||
| 245 | _aHow Not to Write the History of Urdu Literature and Other Essays | ||
| 260 |
_aLondan _bOxford University Press _c1999 |
||
| 300 | _a235p | ||
| 500 | _aincludes index and biblioraphy | ||
| 505 | 2 | _aGlossary, Index of Proper Names | |
| 650 | _aUrdu-Literature-history | ||
| 700 | 1 | _aRussell, Ralph | |
| 902 | _bSRS | ||
| 942 | _cBK | ||
| 999 |
_c15986 _d15986 |
||